| 000 | 00619nam a22002177a 4500 | ||
|---|---|---|---|
| 003 | UA-OsUOA | ||
| 001 | 72479 | ||
| 007 | ta | ||
| 008 | 20110118b un ||||| |||| 00| 0 ukr d | ||
| 100 | _aКоргунюк Ю.Г. | ||
| 090 |
_a32 _bК66 |
||
| 942 | _cSA | ||
| 040 |
_aUA-OsUOA _brus _cUA-OsUOA _dUA-OsUOA |
||
| 245 | _aФинансирование партий в постсоветской России: между бизнесом и властью | ||
| 300 | _aС.87-121 | ||
| 955 | _a0 | ||
| 041 | _arus | ||
| 080 | _a32 | ||
| 773 | 0 |
_w72475 _tПолития _dМ. _d2010 _g4 |
|
| 650 | 7 |
_a32 Політика _2UDC |
|
| 999 |
_c358785 _d358785 |
||